The sociology of the professions
Saved in:
| Main Author: | |
|---|---|
| Format: | Book |
| Language: | English |
| Published: |
London :
Sage Publications,
c1995
|
| Subjects: | |
| Tags: |
Add Tag
No Tags, Be the first to tag this record!
|
MARC
| LEADER | 00000nam a2200000 i 4500 | ||
|---|---|---|---|
| 001 | 1/70732 | ||
| 008 | 990226s1995 eng d | ||
| 020 | |a 0-8039-8634-3 | ||
| 035 | |l 10048175 | ||
| 040 | |a GR-MY-UA |b gre |e aacr | ||
| 041 | 0 | |a eng | |
| 082 | 0 | |a 305.553 | |
| 100 | 1 | |a MacDonald, Keith M. | |
| 245 | 1 | 4 | |a The sociology of the professions / |c Keith M. Macdonald |
| 260 | |a London : |b Sage Publications, |c c1995 | ||
| 300 | |a 224 p. | ||
| 504 | |a Includes bibliographical references and index | ||
| 650 | 0 | 0 | |a Professions. |
| 650 | 0 | 0 | |a Professions |x Sociological aspects. |
| 852 | |a INST |b LESVOS |e 19990226 |h 305.553 MAC |p 005100016854 |q 005100016854 |t BK |y 0 | ||
| 901 | |a BIBL-1999-1 | ||
| 909 | |a Λ |b 061303 | ||
| 922 | |a 1ΕΛΗ |b 199811 |c ΚΠΣ/ΤΚ |d ΠΑΠΑΣΩΤΗΡΙΟΥ | ||
| 950 | |a 103-1998-07-27 | ||